Proceedings of the United Nations conference on new sources of energy solar energy, wind power and geothermal energy Rome, 21-31 August 1961 (Record no. 51992)
[ view plain ]
| 000 -LEADER | |
|---|---|
| fixed length control field | 00557nam a22001577a 4500 |
| 008 - FIXED-LENGTH DATA ELEMENTS--GENERAL INFORMATION | |
| fixed length control field | 230713b |||||||| |||| 00| 0 eng d |
| 040 ## - CATALOGING SOURCE | |
| Original cataloging agency | National Science Library |
| Transcribing agency | National Science Library |
| 080 ## - UNIVERSAL DECIMAL CLASSIFICATION NUMBER | |
| Universal Decimal Classification number | 620.91(063) |
| Item number | K3.1 |
| 245 ## - TITLE STATEMENT | |
| Title | Proceedings of the United Nations conference on new sources of energy solar energy, wind power and geothermal energy Rome, 21-31 August 1961 |
| 260 ## - PUBLICATION, DISTRIBUTION, ETC. | |
| Place of publication, distribution, etc. | New York: |
| Name of publisher, distributor, etc. | United Nations, |
| Date of publication, distribution, etc. | 1963 |
| 300 ## - PHYSICAL DESCRIPTION | |
| Extent | 218p. |
| 500 ## - GENERAL NOTE | |
| General note | Vol.1 (General sessions)<br/> |
| 650 ## - SUBJECT ADDED ENTRY--TOPICAL TERM | |
| Topical term or geographic name entry element | Geography |
| 653 ## - INDEX TERM--UNCONTROLLED | |
| Uncontrolled term | Energy |
| 942 ## - ADDED ENTRY ELEMENTS (KOHA) | |
| Source of classification or shelving scheme | Universal Decimal Classification |
| Koha item type | Proceedings |
| Withdrawn status | Lost status | Source of classification or shelving scheme | Damaged status | Not for loan | Home library | Current library | Shelving location | Date acquired | Serial Enumeration / chronology | Total Checkouts | Full call number | Barcode | Date last seen | Price effective from | Koha item type |
|---|---|---|---|---|---|---|---|---|---|---|---|---|---|---|---|
| Universal Decimal Classification | National Science Library | National Science Library | GF/Rk-8/C-5/R-2 | 13/07/2023 | Vol. 1, 1963 | 620.91(063) K3.1 | 14679 | 13/07/2023 | 13/07/2023 | Proceedings |